[Event "29ème Open International d'Echecs d'Avoi"]
[Site "Avoine"]
[Date "2014.07.26"]
[Round "8.12"]
[White "Bujisho, Benjamin"]
[Black "Purenne, Benoit"]
[Result "0-1"]
[WhiteElo "2367"]
[BlackElo "2225"]
[PlyCount "78"]
[EventDate "2014.??.??"]

1. e4 c5 2. Nc3 g6 3. g3 Bg7 4. Bg2 Nc6 5. d3 d6 6. Be3 Nd4 7. Qd2 Qa5 8. f4
Nf6 9. h3 Nh5 10. g4 Ng3 11. Rh2 h5 12. g5 h4 13. Nf3 Nxf3+ 14. Bxf3 Be6 15. a3
O-O-O 16. Bg4 Bxc3 17. bxc3 c4 18. Bf3 d5 19. Bd4 Rhe8 20. Kf2 dxe4 21. dxe4 f5
22. gxf6 exf6 23. Qe3 f5 24. Bxa7 fxe4 25. Bb6 Qd5 26. Bg4 Rd6 27. Bd4 g5 28.
Kg1 gxf4 29. Qxf4 Bxg4 30. hxg4 Rg6 31. Rf1 Nh5 32. Qe3 Rxg4+ 33. Kf2 Ng3 34.
Rg1 Nf5 35. Rxg4 Nxe3 36. Kxe3 Qf5 37. Rf4 Qg5 38. Rhxh4 Qg3+ 39. Ke2 e3 0-1